[Event "La Balanguera Nadal op"]
[Site "La Balanguera"]
[Date "2021.12.11"]
[Round "2"]
[White "Ramon Sanchez Campins, Pedro"]
[Black "Damians Janes, Jordi"]
[Result "0-1"]
[WhiteElo "1735"]
[BlackElo "2047"]
[PlyCount "106"]
[EventDate "2021.12.10"]
[EventType "swiss"]
[EventRounds "5"]
[EventCountry "ESP"]
[SourceTitle "EXT 2023"]
[Source "ChessBase"]
[SourceDate "2022.10.05"]
[SourceVersion "1"]
[SourceVersionDate "2022.10.05"]
[SourceQuality "1"]

1. d4 d5 2. Nf3 Nf6 3. g3 e6 4. Bg2 Be7 5. 0-0 0-0 6. b3 c6 7. Bb2 b6 8. Nbd2 Bb7 9. c4 Na6 10. Rc1 Rc8 11. Ne5 c5 12. e3 Qd6 13. Re1 Rfd8 14. Ba3 Qc7 15. Bb2 dxc4 16. Bxb7 Qxb7 17. Rxc4 b5 18. Rc1 cxd4 19. Rxc8 Rxc8 20. Bxd4 Nb4 21. Qb1 Nc2 22. Rc1 Nxd4 23. Rxc8+ Qxc8 24. exd4 Nd5 25. Ndf3 f6 26. Nd3 Qc3 27. Nde1 a6 28. Qc2 g6 29. Qe2 Kf7 30. Qc2 Qxc2 31. Nxc2 b4 32. Nfe1 Nc3 33. Nd3 Nxa2 34. Kf1 Ke8 35. Ke1 Kd7 36. Kd2 a5 37. Ne3 Kc6 38. Nc4 Kb5 39. Nf4 a4 40. Nxe6 axb3 41. Nb2 Nc3 42. d5 f5 43. Nd4+ Kc5 44. Nxb3+ Kxd5 45. Kc2 Ke4 46. Nd2+ Kd5 47. Nd3 Bd6 48. Kb3 Ne4 49. Nc4 Nc5+ 50. Nxc5 Bxc5 51. f3 Kd4 52. g4 f4 53. h4 h6 0-1

[Event "Mallorca-chT Primera"]
[Site "Palma de Mallorca"]
[Date "2012.03.31"]
[Round "9.1"]
[White "Ramon Sanchez Campins, Pedro"]
[Black "Fullana Benito, David"]
[Result "1-0"]
[WhiteElo "1795"]
[BlackElo "1812"]
[PlyCount "105"]
[EventDate "2012.01.28"]
[EventType "team"]
[EventRounds "9"]
[EventCountry "ESP"]
[SourceTitle "EXT 2014"]
[Source "ChessBase"]
[SourceDate "2013.11.20"]
[SourceVersion "1"]
[SourceVersionDate "2013.11.20"]
[SourceQuality "1"]

1. d4 d5 2. Nf3 c5 3. g3 Nc6 4. Bg2 cxd4 5. Nxd4 e5 6. Nxc6 bxc6 7. 0-0 Ba6 8. b3 Bd6 9. c4 Ne7 10. cxd5 c5 11. Nc3 0-0 12. Ne4 f5 13. Ng5 Rf6 14. Ne6 Qd7 15. Bg5 Rg6 16. Bh3 h6 17. Bxe7 Qxe7 18. Bxf5 Rf6 19. Qc2 Rb8 20. Bd3 Bc8 21. Bc4 g6 22. Rad1 Bd7 23. Qe4 Kh8 24. Rd3 Rb4 25. a3 Rb8 26. Rf3 Rb6 27. Rxf6 Qxf6 28. Qe3 g5 29. Qe4 Rb8 30. Bd3 Qf7 31. Rb1 Kg8 32. Qf5 a5 33. a4 Rb4 34. Qxf7+ Kxf7 35. Nd8+ Ke8 36. Nc6 Bxc6 37. dxc6 Kd8 38. Bc4 Kc7 39. Bd5 Rd4 40. e4 Rd3 41. Kf1 Rf3 42. Ke2 Rf6 43. h3 h5 44. Rg1 h4 45. gxh4 gxh4 46. Rg7+ Kd8 47. Rd7+ Kc8 48. Rh7 Rf4 49. Be6+ Kb8 50. Bg4 Bc7 51. f3 Bd6 52. Rb7+ Ka8 53. Rd7 1-0

[Event "Calvia Amateur op 7th"]
[Site "Calvia"]
[Date "2010.10.13"]
[Round "5"]
[White "Ramon Sanchez Campins, Pedro"]
[Black "Knudsen, Jes West"]
[Result "0-1"]
[WhiteElo "1768"]
[BlackElo "1996"]
[PlyCount "66"]
[EventDate "2010.10.09"]
[EventType "swiss"]
[EventRounds "9"]
[EventCountry "ESP"]
[SourceTitle "EXT 2011"]
[Source "ChessBase"]
[SourceDate "2010.11.26"]
[SourceVersion "1"]
[SourceVersionDate "2010.11.26"]
[SourceQuality "1"]

1. e4 d5 2. exd5 Nf6 3. Nc3 Nxd5 4. Nxd5 Qxd5 5. Qf3 Be6 6. Be2 Nc6 7. c3 Ne5 8. Qxd5 Bxd5 9. f3 c5 10. Bb5+ Kd8 11. d4 cxd4 12. cxd4 Nc6 13. Ne2 e6 14. Bxc6 Bxc6 15. Nc3 Bd6 16. 0-0 Re8 17. Ne4 Bc7 18. Bd2 Bb6 19. Bc3 Kc7 20. Kh1 Rad8 21. Rad1 Rd5 22. Nc5 Red8 23. Rc1 g6 24. Rfe1 Kb8 25. Kg1 e5 26. b4 exd4 27. Bd2 a5 28. a3 Ka7 29. Re7 Re8 30. Rxf7 Re2 31. Ne4 Rf5 32. Rxf5 gxf5 33. Rxc6 bxc6 0-1

[Event "Palma de Mallorca op 3rd"]
[Site "Palma de Mallorca"]
[Date "2008.12.10"]
[Round "5"]
[White "Ramon Sanchez Campins, Pedro"]
[Black "Abadia Pascual, Luis"]
[Result "1/2-1/2"]
[WhiteElo "1780"]
[BlackElo "1982"]
[PlyCount "38"]
[EventDate "2008.12.06"]
[EventType "swiss"]
[EventRounds "9"]
[EventCountry "ESP"]
[SourceTitle "CBM 127 Extra"]
[Source "ChessBase"]
[SourceDate "2009.01.08"]
[SourceVersion "2"]
[SourceVersionDate "2009.01.28"]
[SourceQuality "1"]

1. d4 f5 2. Nf3 Nf6 3. g3 g6 4. Bg2 Bg7 5. 0-0 d6 6. c4 0-0 7. b3 Nc6 8. Bb2 Ne4 9. Nbd2 e5 10. d5 Nxd2 11. Qxd2 Ne7 12. Rad1 h6 13. Ne1 g5 14. f4 Ng6 15. fxe5 Nxe5 16. Bxe5 Bxe5 17. e4 f4 18. gxf4 gxf4 19. Rf2 Bg4 1/2-1/2

[Event "Calvia op 4th"]
[Site "Calvia"]
[Date "2007.10.17"]
[Round "3"]
[White "Skage, Oystein Aagedal"]
[Black "Ramon Sanchez Campins, Pedro"]
[Result "1/2-1/2"]
[WhiteElo "1956"]
[BlackElo "1644"]
[PlyCount "100"]
[EventDate "2007.10.15"]
[EventType "swiss"]
[EventRounds "9"]
[EventCountry "ESP"]
[SourceTitle "CBM 120 Extra"]
[Source "ChessBase"]
[SourceDate "2007.11.01"]
[SourceVersion "1"]
[SourceVersionDate "2007.11.01"]
[SourceQuality "1"]

1. e4 e5 2. Nf3 Nc6 3. Bb5 d6 4. d4 exd4 5. Nxd4 Bd7 6. c4 Nxd4 7. Bxd7+ Qxd7 8. Qxd4 Ne7 9. Bf4 Nc6 10. Qe3 Be7 11. Nc3 Bf6 12. Rd1 Bxc3+ 13. Qxc3 Qg4 14. g3 0-0 15. 0-0 Rae8 16. Rd5 f6 17. f3 Qc8 18. c5 Ne7 19. Rd4 dxc5 20. Qxc5 Nc6 21. Rd5 Re7 22. b4 a6 23. a4 Rfe8 24. Rfd1 Ne5 25. Bxe5 Rxe5 26. Qc4 Rxd5 27. Rxd5 Kh8 28. Rc5 Re7 29. Rd5 Rd7 30. b5 axb5 31. Qxb5 c6 32. Qc5 Rd8 33. Rd6 Rxd6 34. Qxd6 Kg8 35. a5 Qa8 36. Qc7 Qa7+ 37. Kg2 h6 38. Kh3 Qa6 39. Kg4 Qb5 40. Qc8+ Kf7 41. Qc7+ Kg8 42. Qc8+ Kf7 43. Qc7+ Kg8 44. f4 g6 45. e5 Qe2+ 46. Kh3 Qh5+ 47. Kg2 Qe2+ 48. Kh3 Qh5+ 49. Kg2 Qe2+ 50. Kh3 Qh5+ 1/2-1/2

[Event "Calvia op"]
[Site "Calvia"]
[Date "2006.10.18"]
[Round "8.19"]
[White "Oliver Serrano, Angel Jesus"]
[Black "Ramon Sanchez Campins, Pedro"]
[Result "1-0"]
[WhiteElo "2153"]
[BlackElo "1629"]
[PlyCount "85"]
[EventDate "2006.10.11"]
[EventType "swiss"]
[EventRounds "9"]
[EventCountry "ESP"]
[SourceTitle "EXT 2007"]
[Source "ChessBase"]
[SourceDate "2006.11.23"]
[SourceVersion "1"]
[SourceVersionDate "2006.11.23"]
[SourceQuality "1"]

1. e4 d5 2. exd5 Qxd5 3. Nc3 Qd8 4. d4 Nf6 5. Nf3 e6 6. Bc4 a6 7. a4 Bb4 8. 0-0 0-0 9. Bg5 Bd7 10. Qe2 Bc6 11. Rfd1 Bd5 12. Bxf6 gxf6 13. Nxd5 exd5 14. Bb3 Nc6 15. c3 Re8 16. Qd3 Bf8 17. Bc2 Re4 18. Nd2 f5 19. Nxe4 dxe4 20. Qh3 Qg5 21. Qg3 Qg7 22. Qxc7 f6 23. Qxg7+ Kxg7 24. g4 Kg6 25. gxf5+ Kxf5 26. f3 Bd6 27. Bxe4+ Kf4 28. Kf2 f5 29. Bxc6 bxc6 30. b4 Be7 31. Rd3 Re8 32. Kf1 Bh4 33. Rad1 Re3 34. Rxe3 Kxe3 35. d5 cxd5 36. Rxd5 Bf6 37. Rxf5 Bxc3 38. b5 axb5 39. axb5 Bd4 40. Rd5 Bb6 41. Kg2 Kf4 42. Rd6 Bc5 43. Rc6 1-0